000 00363nam a2200133Ia 4500
008 240624s9999 xx 000 0 und d
041 _aeng
082 _a381.10954 HIS
100 _aHISCOCK GEOFF
245 _aINDIA S STORE WARS RETAIL REVOLUTION AND
260 _c2008
_aNew Jersey
_bJohn Wiley and Sons
300 _ax, : 208 : p. : cm. ; 23
365 _cRS
_b30
999 _c12744
_d12744